000 00290nam a2200121Ia 4500
008 190216s9999||||xx |||||||||||||| ||und||
100 _aDalela R C&Amp; Verma S R
245 0 _aText Book Of Cytology
260 _bJaiprakashnath&Co:
_c1977
300 _axiii
650 _aBotany
942 _cBK
999 _c1327
_d1327